LEADER 01023nam a2200205 i 4500 001 000000048402 003 CaOOAMICUS 005 20121018000000.0 008 121018s1893 it u000 u ita u 013 $a19572 040 $aSeMil$bita 100 1 $aGennari, Casimiro .$0(OLS)http://semarc/name/12288 245 10$aConsultazioni morali, canoniche, liturgiche su casi e materie svariate che specialmente riguardano i tempi nostri /$cper M. C. G. 260 $aNapoli :$bTipografia editrice degli Artigianelli,$c1893. 300 $aXVI, 672 p. ;$c24 cm. 650 4$aApologetica.$0(OLS)http://semarc/subject/703 850 $aSeMil 852 $aSeMil$W1$xVenegono$y1$m2D IV 22 FA$j14557$B14557$CSeMilBibl$Z2$F14557 $8I 996 $6245$aConsultazioni morali, canoniche, liturgiche su casi e materie svariate che specialmente riguardano i tempi nostri$9(OLS)http://semarc/title/73236 996 $6260$aNapoli :$bTipografia editrice degli Artigianelli$9(OLS)http://semarc/publisher/41023 LEADER 01351nam a2200277 i 4500 001 000000201221 003 CaOOAMICUS 005 20110422000000.0 008 110422n it u000 u ita u 013 $a179922 040 $aSeMil$bita 100 1 $aValentini, Ubaldo .$0(OLS)http://semarc/name/21074 245 13$aLa Chiesa e il Risorgimento Italiano /$cUbaldo Valentini. 250 $aPro manoscritto. 260 $aMilano :$bSegreteria del Corso di Aggiornamento Teologico,$c[1987] 300 $a19 p. ;$c21 cm. 490 0 $aTemi di storia della Chiesa. Corso di aggiornamento teologico 1986-1987, Milano ;$v13 500 $aTitolo da copertina. - A pič del front. : Corso di aggiornamento teologico 1986-1987, Milano. 650 4$aChiesa.$0(OLS)http://semarc/subject/3309 650 4$aRisorgimento italiano.$0(OLS)http://semarc/subject/4116 830 0$aTemi di storia della Chiesa. Corso di aggiornamento teologico 1986-1987, Milano ;$v13.$0(OLS)http://semarc/title/33423 850 $aSeMil 852 $aSeMil$W1$xVenegono$y1$m5B III 18/30$j151747$B151747$CSeMilBibl$Z2$F162939 $81 961 $aOmaggio: Altro 996 $6245$aLa Chiesa e il Risorgimento Italiano$9(OLS)http://semarc/title/291150 996 $6260$aMilano :$bSegreteria del Corso di Aggiornamento Teologico$9(OLS)http://semarc/publisher/36255